[Event "Batik Memorial"]
[Site "?"]
[Date "2003.??.??"]
[Round "?"]
[White "Gilimshin, Azamat"]
[Black "Balabaev, Farit Gasisovich"]
[Result "1-0"]
[WhiteElo "2607"]
[BlackElo "2604"]
[PlyCount "39"]
[EventDate "2003.??.??"]
[EventType "corr"]
[SourceDate "2004.06.03"]

1. d4 d5 2. Nf3 Nf6 3. c4 c6 4. e3 a6 5. Nbd2 Bf5 6. Be2 h6 7. O-O e6 8. Ne5
Be7 9. f4 Bh7 10. Qb3 Qc7 11. Bd3 Bxd3 12. Qxd3 Nbd7 13. e4 dxe4 14. Nxe4 Rd8
15. Bd2 Nxe4 16. Qxe4 Nf6 17. Qe3 c5 18. f5 cxd4 19. Qg3 O-O 20. Rae1 1-0

[Event "Batik Memorial"]
[Site "?"]
[Date "2003.??.??"]
[Round "?"]
[White "Gilimshin, Azamat"]
[Black "Chytilek, Roman"]
[Result "0-1"]
[WhiteElo "2607"]
[BlackElo "2598"]
[PlyCount "68"]
[EventDate "2003.??.??"]
[EventType "corr"]
[SourceDate "2004.06.03"]

1. d4 Nf6 2. c4 g6 3. Nc3 Bg7 4. e4 d6 5. Be2 O-O 6. Nf3 e5 7. O-O Nc6 8. d5
Ne7 9. b4 Nh5 10. Re1 f5 11. Ng5 Nf6 12. f3 Kh8 13. Be3 Bh6 14. Nf7+ Rxf7 15.
Bxh6 f4 16. c5 Neg8 17. Bg5 Qf8 18. cxd6 cxd6 19. Rc1 Bd7 20. Bh4 Rg7 21. Bf2
g5 22. g4 fxg3 23. hxg3 Nh5 24. Bb5 Qe7 25. Bxd7 Qxd7 26. g4 Nf4 27. Ne2 h5 28.
Ng3 Nh6 29. Nf5 Nxf5 30. exf5 Rh7 31. Bg3 Qd8 32. Bf2 Kg7 33. Qc2 Kf6 34. Re3
hxg4 0-1

[Event "Batik Memorial"]
[Site "?"]
[Date "2003.??.??"]
[Round "?"]
[White "Gilimshin, Azamat"]
[Black "Costa, Carlos Evanir"]
[Result "0-1"]
[WhiteElo "2607"]
[BlackElo "2688"]
[PlyCount "59"]
[EventDate "2003.??.??"]
[EventType "corr"]
[SourceDate "2004.06.03"]

1. d4 Nf6 2. c4 e6 3. Nc3 Bb4 4. Qc2 O-O 5. a3 Bxc3+ 6. Qxc3 b6 7. Bg5 Bb7 8.
f3 h6 9. Bh4 d6 10. e3 Nbd7 11. Bd3 c5 12. Ne2 Rc8 13. O-O cxd4 14. Qxd4 Ne5
15. Rac1 Nxd3 16. Qxd3 Ba6 17. e4 d5 18. e5 Bxc4 19. Qd1 g5 20. exf6 Bxe2 21.
Qxe2 Rxc1 22. Rxc1 gxh4 23. Qe5 Kh7 24. Rc7 Kg6 25. Rxa7 Qxf6 26. Qxf6+ Kxf6
27. Rb7 Ke5 28. Rxb6 Kd4 29. Kf2 Rc8 30. Rb4+ 0-1

[Event "Batik Memorial"]
[Site "?"]
[Date "2003.??.??"]
[Round "?"]
[White "Gilimshin, Azamat"]
[Black "Frey Beckman, Kenneth"]
[Result "1/2-1/2"]
[WhiteElo "2607"]
[BlackElo "2693"]
[PlyCount "76"]
[EventDate "2003.??.??"]
[EventType "corr"]
[SourceDate "2004.06.03"]

1. d4 d5 2. Nf3 Nf6 3. c4 e6 4. Nc3 Be7 5. Bf4 O-O 6. e3 c5 7. dxc5 Bxc5 8. a3
Nc6 9. Qc2 Qa5 10. Nd2 Be7 11. Bg3 Bd7 12. Be2 Rfc8 13. O-O Qd8 14. cxd5 Nxd5
15. Nde4 Na5 16. Rfd1 Qe8 17. Qd3 Nb6 18. Nd6 Bxd6 19. Qxd6 Nac4 20. Qb4 e5 21.
a4 a5 22. Qb3 Be6 23. Qc2 Nd7 24. Rac1 f6 25. Qb1 Ncb6 26. Nb5 Rxc1 27. Rxc1
Qf7 28. Bd3 g6 29. h4 Ba2 30. Qa1 Bb3 31. Qa3 Rc8 32. Rxc8+ Nxc8 33. e4 b6 34.
Nd6 Nxd6 35. Qxd6 Bxa4 36. f4 exf4 37. Bxf4 Kg7 38. Be2 Qf8 1/2-1/2

[Event "Batik Memorial"]
[Site "?"]
[Date "2003.??.??"]
[Round "?"]
[White "Gilimshin, Azamat"]
[Black "Michalek, Miroslav"]
[Result "0-1"]
[WhiteElo "2607"]
[BlackElo "2447"]
[PlyCount "78"]
[EventDate "2003.??.??"]
[EventType "corr"]
[SourceDate "2004.06.03"]

1. d4 Nf6 2. c4 e6 3. Nc3 Bb4 4. Qc2 O-O 5. a3 Bxc3+ 6. Qxc3 b6 7. Bg5 Bb7 8.
f3 h6 9. Bh4 d5 10. e3 Nbd7 11. cxd5 Nxd5 12. Bxd8 Nxc3 13. Bh4 Nd5 14. Bf2 c5
15. Bb5 Rfd8 16. e4 Nc7 17. Bxd7 Rxd7 18. dxc5 f5 19. e5 bxc5 20. Bxc5 Rd5 21.
b4 Rxe5+ 22. Ne2 Rd8 23. Ra2 Red5 24. O-O Rd2 25. Rfa1 a6 26. Rxd2 Rxd2 27. Kf2
e5 28. Ke1 Rd3 29. Nc1 Rd7 30. Nb3 Kf7 31. Na5 Bd5 32. Rd1 Ke6 33. a4 e4 34. f4
g5 35. g3 gxf4 36. gxf4 Ba8 37. Rxd7 Kxd7 38. Nc4 Ke6 39. Ne3 Bc6 0-1

[Event "Batik Memorial"]
[Site "?"]
[Date "2003.??.??"]
[Round "?"]
[White "Gilimshin, Azamat"]
[Black "Neumann, Joachim"]
[Result "0-1"]
[WhiteElo "2607"]
[BlackElo "2667"]
[PlyCount "76"]
[EventDate "2003.??.??"]
[EventType "corr"]
[SourceDate "2004.06.03"]

1. d4 Nf6 2. c4 e6 3. Nc3 Bb4 4. Qc2 O-O 5. a3 Bxc3+ 6. Qxc3 b6 7. Bg5 Bb7 8.
f3 h6 9. Bh4 d5 10. e3 Nbd7 11. cxd5 Nxd5 12. Bxd8 Nxc3 13. Bh4 Nd5 14. Bf2 Ne7
15. O-O-O Rac8 16. Bb5 c6 17. Ba4 b5 18. Bc2 a5 19. Kb1 c5 20. dxc5 Nxc5 21.
Ne2 b4 22. axb4 axb4 23. Nc1 f5 24. Rd4 Ba6 25. Rxb4 Nd5 26. Rd4 Rb8 27. Na2
Rb6 28. b4 Rfb8 29. Bg3 R8b7 30. Be1 Kf7 31. Bd2 Ne7 32. Ka1 Nd7 33. Bb3 Nc5
34. Bc2 Nd7 35. Bc3 Nc6 36. Rd6 Bc4 37. Rhd1 Ke7 38. Ba4 Ndb8 0-1

[Event "Batik Memorial"]
[Site "?"]
[Date "2003.??.??"]
[Round "?"]
[White "Gilimshin, Azamat"]
[Black "Ohtake, Sakae"]
[Result "0-1"]
[WhiteElo "2607"]
[BlackElo "2580"]
[PlyCount "116"]
[EventDate "2003.??.??"]
[EventType "corr"]
[SourceDate "2004.06.03"]

1. d4 d5 2. Nf3 Nf6 3. c4 c6 4. Nc3 e6 5. Bg5 dxc4 6. e4 b5 7. e5 h6 8. Bh4 g5
9. Nxg5 hxg5 10. Bxg5 Nbd7 11. g3 Bb7 12. Bg2 Qb6 13. exf6 O-O-O 14. O-O c5 15.
d5 b4 16. Rb1 Qa6 17. dxe6 Bxg2 18. e7 Bxf1 19. Kxf1 Bxe7 20. fxe7 Rdg8 21. Ne4
c3+ 22. Kg1 Rxg5 23. Nxg5 Qg6 24. Qc1 c2 25. Ra1 Re8 26. Qe3 Qf6 27. Rc1 Rxe7
28. Qd2 Qxb2 29. Rxc2 Qe5 30. Rc1 Kb7 31. Nf3 Qf5 32. Kg2 Nb6 33. Qd6 Rc7 34.
h4 a5 35. Rh1 f6 36. h5 Rd7 37. Qf8 c4 38. h6 c3 39. Qg8 c2 40. h7 Rd3 41. Qf7+
Ka6 42. Qh5 Qxh5 43. Rxh5 c1=Q 44. h8=Q Qc6 45. Rf5 Nd5 46. Qh4 Kb6 47. Qh8 Kb5
48. Qh7 Ka4 49. Rxf6 Qc4 50. Re6 Rd1 51. Ne1 Ka3 52. Qh5 Rd2 53. Re5 a4 54. Qf5
Kxa2 55. Re4 Qc5 56. Kg1 Qc3 57. Ng2 a3 58. Re1 Qd3 0-1

[Event "Batik Memorial"]
[Site "?"]
[Date "2003.??.??"]
[Round "?"]
[White "Hiltunen, Reijo"]
[Black "Chytilek, Roman"]
[Result "1/2-1/2"]
[WhiteElo "2519"]
[BlackElo "2598"]
[PlyCount "30"]
[EventDate "2003.??.??"]
[EventType "corr"]
[SourceDate "2004.06.03"]

1. d4 d5 2. c4 e6 3. Nc3 Nf6 4. cxd5 exd5 5. Bg5 c6 6. Qc2 Na6 7. a3 Nc7 8. e3
Ne6 9. Bh4 Be7 10. Bd3 g6 11. Nge2 O-O 12. O-O b6 13. b4 Bb7 14. Rab1 a5 15.
Rfd1 axb4 1/2-1/2

[Event "Batik Memorial"]
[Site "?"]
[Date "2003.??.??"]
[Round "?"]
[White "Hiltunen, Reijo"]
[Black "Costa, Carlos Evanir"]
[Result "1/2-1/2"]
[WhiteElo "2519"]
[BlackElo "2688"]
[PlyCount "46"]
[EventDate "2003.??.??"]
[EventType "corr"]
[SourceDate "2004.06.03"]

1. d4 Nf6 2. c4 e6 3. Nc3 Bb4 4. Qc2 O-O 5. a3 Bxc3+ 6. Qxc3 b6 7. Bg5 Bb7 8.
e3 d6 9. f3 Nbd7 10. Nh3 Rc8 11. e4 c5 12. dxc5 bxc5 13. Nf2 h6 14. Bf4 d5 15.
Bd6 Re8 16. e5 Nb6 17. Be2 Nfd7 18. Rd1 Rc6 19. Qa5 Qg5 20. Qxa7 Rxd6 21. exd6
Bc6 22. O-O Ra8 23. Qc7 Rc8 1/2-1/2

[Event "Batik Memorial"]
[Site "?"]
[Date "2003.??.??"]
[Round "?"]
[White "Hiltunen, Reijo"]
[Black "Gilimshin, Azamat"]
[Result "1-0"]
[WhiteElo "2519"]
[BlackElo "2607"]
[PlyCount "111"]
[EventDate "2003.??.??"]
[EventType "corr"]
[SourceDate "2004.06.03"]

1. d4 Nf6 2. c4 e6 3. Nc3 Bb4 4. Qc2 O-O 5. a3 Bxc3+ 6. Qxc3 b6 7. Bg5 Bb7 8.
e3 d6 9. f3 Nbd7 10. Nh3 h6 11. Bh4 c5 12. Be2 Rc8 13. dxc5 bxc5 14. O-O Ba6
15. b3 d5 16. Bd3 Qb6 17. Rab1 d4 18. Qd2 Rfe8 19. Nf2 e5 20. Bf5 Rb8 21. Rfe1
Nf8 22. exd4 exd4 23. Bc2 Ng6 24. Bg3 Rbd8 25. Nd3 Nh5 26. Bf2 Qc7 27. Rxe8+
Rxe8 28. Re1 Rd8 29. g4 Nf6 30. g5 hxg5 31. Qxg5 Rc8 32. h4 Nf8 33. h5 N8h7 34.
Qf5 Qd7 35. Qf4 Bb7 36. Re5 Qh3 37. Ne1 Rd8 38. Rxc5 Nxh5 39. Qh4 Qxh4 40. Bxh4
g5 41. Bxg5 Nxg5 42. Rxg5+ Ng7 43. Kf2 Kf8 44. Ra5 a6 45. Ke2 Re8+ 46. Kd2 Re3
47. b4 Ne6 48. c5 Ke8 49. Bd3 Nc7 50. a4 Bxf3 51. Nc2 Re5 52. Nxd4 Bg2 53. Bxa6
Re4 54. Nc2 Rh4 55. Be2 Rh2 56. Nd4 1-0

[Event "Batik Memorial"]
[Site "?"]
[Date "2003.??.??"]
[Round "?"]
[White "Hiltunen, Reijo"]
[Black "Michalek, Miroslav"]
[Result "1/2-1/2"]
[WhiteElo "2519"]
[BlackElo "2447"]
[PlyCount "62"]
[EventDate "2003.??.??"]
[EventType "corr"]
[SourceDate "2004.06.03"]

1. d4 Nf6 2. c4 e6 3. Nc3 Bb4 4. Qc2 O-O 5. a3 Bxc3+ 6. Qxc3 b6 7. Bg5 Bb7 8.
e3 d6 9. f3 Nbd7 10. Nh3 c5 11. dxc5 bxc5 12. Be2 Qb6 13. O-O d5 14. Rad1 Bc6
15. Nf2 h6 16. Bh4 Rab8 17. Rd2 a5 18. Rc1 d4 19. exd4 cxd4 20. Rxd4 Qxb2 21.
Rd2 Qxc3 22. Rxc3 Rb1+ 23. Rd1 Rb2 24. Bf1 Rc8 25. Nd3 Rb7 26. Bg3 Ba4 27. Rdc1
Rc6 28. Be2 Kf8 29. h3 Ke7 30. h4 Rc8 31. Kf2 Bc6 1/2-1/2

[Event "Batik Memorial"]
[Site "?"]
[Date "2003.??.??"]
[Round "?"]
[White "Hiltunen, Reijo"]
[Black "Neumann, Joachim"]
[Result "1/2-1/2"]
[WhiteElo "2519"]
[BlackElo "2667"]
[PlyCount "32"]
[EventDate "2003.??.??"]
[EventType "corr"]
[SourceDate "2004.06.03"]

1. d4 Nf6 2. c4 e6 3. Nc3 Bb4 4. Qc2 O-O 5. a3 Bxc3+ 6. Qxc3 b6 7. Bg5 Bb7 8.
e3 d6 9. f3 Nbd7 10. Nh3 Rc8 11. e4 c5 12. dxc5 bxc5 13. Be2 Qb6 14. O-O d5 15.
exd5 exd5 16. Bd3 h6 1/2-1/2

[Event "Batik Memorial"]
[Site "?"]
[Date "2003.??.??"]
[Round "?"]
[White "Hiltunen, Reijo"]
[Black "Ohtake, Sakae"]
[Result "1/2-1/2"]
[WhiteElo "2519"]
[BlackElo "2580"]
[PlyCount "73"]
[EventDate "2003.??.??"]
[EventType "corr"]
[SourceDate "2004.06.03"]

1. d4 d5 2. c4 c6 3. Nf3 Nf6 4. Nc3 e6 5. e3 Nbd7 6. Bd3 dxc4 7. Bxc4 b5 8. Bd3
Bb7 9. O-O Bd6 10. Qc2 a6 11. a3 c5 12. Ne4 Nxe4 13. Bxe4 Bxe4 14. Qxe4 O-O 15.
Bd2 Qe7 16. dxc5 Nxc5 17. Qc2 e5 18. e4 Rac8 19. Be3 Qb7 20. Bxc5 Bxc5 21. Qe2
Bb6 22. Rac1 f6 23. Rfd1 Rxc1 24. Rxc1 Rc8 25. Rc2 Kf7 26. h3 Qd7 27. Rd2 Rc1+
28. Kh2 Qc6 29. Rd5 Rc2 30. Qd3 Ke6 31. Nh4 g6 32. Qg3 Kf7 33. Qg4 Bc5 34. Rd7+
Be7 35. Ra7 Rxf2 36. Nf5 gxf5 37. Qh5+ 1/2-1/2

[Event "Batik Memorial"]
[Site "?"]
[Date "2003.??.??"]
[Round "?"]
[White "Hiltunen, Reijo"]
[Black "Voyna, Alexander"]
[Result "1/2-1/2"]
[WhiteElo "2519"]
[BlackElo "2618"]
[PlyCount "82"]
[EventDate "2003.??.??"]
[EventType "corr"]
[SourceDate "2004.06.03"]

1. d4 Nf6 2. c4 g6 3. g3 Bg7 4. Bg2 d5 5. Nf3 dxc4 6. Na3 O-O 7. O-O c3 8. bxc3
c5 9. e3 Nc6 10. Qe2 Bf5 11. Rd1 Qa5 12. Bb2 Rfd8 13. Nc4 Qa6 14. a4 Na5 15.
Bf1 Ne4 16. Nxa5 Qxa5 17. Bg2 Rac8 18. Qb5 Qc7 19. Qe2 Qa5 20. Qb5 Qc7 21. Qe2
Nd6 22. Ne5 cxd4 23. cxd4 Be4 24. f3 Bd5 25. Ba3 Qc2 26. Qe1 Qc3 27. a5 Qxe1+
28. Rxe1 e6 29. Bxd6 Rxd6 30. Rec1 Rxc1+ 31. Rxc1 Bxe5 32. dxe5 Rc6 33. Rxc6
Bxc6 34. e4 Bb5 35. Kf2 Kf8 36. Ke3 Ke7 37. Kd4 b6 38. axb6 axb6 39. f4 Kd7 40.
Bf3 h6 41. h4 Bf1 1/2-1/2

[Event "Batik Memorial"]
[Site "?"]
[Date "2003.??.??"]
[Round "?"]
[White "Maliangkay, Rudolf J"]
[Black "Gilimshin, Azamat"]
[Result "1-0"]
[WhiteElo "2581"]
[BlackElo "2607"]
[PlyCount "89"]
[EventDate "2003.??.??"]
[EventType "corr"]
[SourceDate "2004.06.03"]

1. e4 c5 2. Nf3 Nc6 3. d4 cxd4 4. Nxd4 Nf6 5. Nc3 e5 6. Ndb5 d6 7. Bg5 a6 8.
Na3 b5 9. Bxf6 gxf6 10. Nd5 f5 11. Bd3 Be6 12. O-O Bxd5 13. exd5 Ne7 14. c3 Bg7
15. Qh5 e4 16. Bc2 Qc8 17. Rae1 O-O 18. Kh1 Rb8 19. f3 b4 20. fxe4 bxa3 21.
exf5 Ng6 22. f6 Rxb2 23. fxg7 Kxg7 24. Bd3 Qxc3 25. Re3 Qd2 26. Qg5 f6 27. Qg3
f5 28. Ref3 f4 29. Qg5 Rf6 30. h4 h6 31. Qg4 h5 32. Qg5 Rb4 33. Qxh5 Rd4 34.
Rb1 Rb4 35. Rg1 Qxa2 36. Rc1 Rb7 37. Kh2 Qb2 38. Rb1 a2 39. Rxb2 Rxb2 40. Rf1
f3 41. Rxf3 a1=Q 42. Rg3 Qe1 43. Rxg6+ Rxg6 44. Qxg6+ Kf8 45. Qf6+ 1-0

[Event "Batik Memorial"]
[Site "?"]
[Date "2003.??.??"]
[Round "?"]
[White "Maliangkay, Rudolf J"]
[Black "Hiltunen, Reijo"]
[Result "1/2-1/2"]
[WhiteElo "2581"]
[BlackElo "2519"]
[PlyCount "68"]
[EventDate "2003.??.??"]
[EventType "corr"]
[SourceDate "2004.06.03"]

1. e4 c5 2. Nf3 d6 3. d4 cxd4 4. Nxd4 Nf6 5. Nc3 a6 6. Be3 e5 7. Nb3 Be6 8. f3
h5 9. Qd2 Nbd7 10. Nd5 Nxd5 11. exd5 Bf5 12. Be2 Rc8 13. c4 Qh4+ 14. Bf2 Qf6
15. O-O h4 16. Be3 Be7 17. Na5 Rc7 18. b4 Qg6 19. Rad1 Bc2 20. Rc1 Bf5 21. c5
dxc5 22. Nc4 Rc8 23. bxc5 O-O 24. d6 Bd8 25. Nb6 h3 26. g3 Nxb6 27. cxb6 Rxc1
28. Rxc1 Qe6 29. Bc4 Qd7 30. Bb3 Be6 31. Bxe6 fxe6 32. Qd1 e4 33. f4 Rf5 34.
Rc7 Qb5 1/2-1/2

[Event "Batik Memorial"]
[Site "?"]
[Date "2003.??.??"]
[Round "?"]
[White "Maliangkay, Rudolf J"]
[Black "Mrkvicka, Josef"]
[Result "1-0"]
[WhiteElo "2581"]
[BlackElo "2513"]
[PlyCount "119"]
[EventDate "2003.??.??"]
[EventType "corr"]
[SourceDate "2004.06.03"]

1. e4 e5 2. Nf3 Nc6 3. Bb5 a6 4. Ba4 Nf6 5. O-O Be7 6. Re1 b5 7. Bb3 d6 8. c3
O-O 9. h3 Na5 10. Bc2 c5 11. d4 Nd7 12. Nbd2 exd4 13. cxd4 Nc6 14. d5 Nce5 15.
Nh2 Ng6 16. Ndf1 Bg5 17. Ne3 Nde5 18. Nf5 Bxc1 19. Qxc1 Ne7 20. Nxe7+ Qxe7 21.
f4 Ng6 22. e5 f5 23. Nf3 Bb7 24. Qd2 Rad8 25. Rad1 c4 26. Kh2 Kh8 27. e6 Rf6
28. Ng5 Rdf8 29. Nf7+ Kg8 30. Ne5 Rd8 31. Nd7 Rxd7 32. exd7 Qxd7 33. Qd4 Rf8
34. Re6 Bc8 35. Rde1 Qd8 36. R6e3 Qf6 37. Qxf6 Rxf6 38. Re8+ Rf8 39. g3 Bd7 40.
Rxf8+ Kxf8 41. Bd1 Ne7 42. Bf3 Nc8 43. b3 Nb6 44. Kg2 Be8 45. Kf2 Bf7 46. bxc4
Nxc4 47. Rc1 Ke7 48. Ke2 Bg6 49. Kd3 Be8 50. Kd4 Bd7 51. Be2 Nb2 52. g4 Na4 53.
Rc7 Nc5 54. gxf5 Kf6 55. Bh5 a5 56. Ra7 a4 57. a3 h6 58. Ra8 Nb3+ 59. Ke3 Nc5
60. h4 1-0

[Event "Batik Memorial"]
[Site "?"]
[Date "2003.??.??"]
[Round "?"]
[White "Maliangkay, Rudolf J"]
[Black "Neumann, Joachim"]
[Result "0-1"]
[WhiteElo "2581"]
[BlackElo "2667"]
[PlyCount "96"]
[EventDate "2003.??.??"]
[EventType "corr"]
[SourceDate "2004.06.03"]

1. e4 c5 2. Nf3 Nc6 3. d4 cxd4 4. Nxd4 Nf6 5. Nc3 e5 6. Ndb5 d6 7. Bg5 a6 8.
Na3 b5 9. Bxf6 gxf6 10. Nd5 Bg7 11. Bd3 Ne7 12. Nxe7 Qxe7 13. c4 f5 14. O-O O-O
15. Qh5 Rb8 16. exf5 e4 17. Rae1 Bb7 18. cxb5 d5 19. Re3 axb5 20. Rh3 h6 21.
Bxb5 Bc8 22. Rd1 Rd8 23. Rb3 Qf6 24. Bc4 Rxb3 25. Bxb3 d4 26. Nb5 d3 27. Nc3
Qxf5 28. Qh4 Rd4 29. Qe7 Bf8 30. Qa7 Bc5 31. Qc7 Kg7 32. Qg3+ Kf8 33. Qc7 Bd6
34. Qc6 Bd7 35. Qb7 Kg7 36. a3 d2 37. g3 Bc5 38. Rf1 Rd3 39. Qxe4 Qxe4 40. Nxe4
Rxb3 41. Nxc5 Rxb2 42. Ne4 Bc6 43. Nxd2 Rxd2 44. Ra1 Ba4 45. Kg2 Rd3 46. Ra2
Kg6 47. f3 Bc6 48. Kf2 Kg5 0-1

[Event "Batik Memorial"]
[Site "?"]
[Date "2003.??.??"]
[Round "?"]
[White "Maliangkay, Rudolf J"]
[Black "Nyvlt, Zdenek"]
[Result "1-0"]
[WhiteElo "2581"]
[BlackElo "2635"]
[PlyCount "93"]
[EventDate "2003.??.??"]
[EventType "corr"]
[SourceDate "2004.06.03"]

1. e4 d6 2. d4 Nf6 3. Nc3 g6 4. Be3 c6 5. Qd2 Nbd7 6. Nf3 Qc7 7. Bd3 e5 8. O-O
Ng4 9. Bg5 h6 10. Bh4 Bg7 11. d5 O-O 12. Rfd1 Ngf6 13. dxc6 bxc6 14. Bc4 Nb6
15. Bb3 Ne8 16. a4 g5 17. Bg3 Bg4 18. h4 Bf6 19. Qe3 Nd7 20. hxg5 hxg5 21. Rd2
Qb6 22. Qxb6 axb6 23. Nh2 Bh5 24. f3 Kg7 25. Bf2 Be7 26. Ne2 Nef6 27. Ng3 Bg6
28. Nhf1 Rfd8 29. Ne3 Nc5 30. Ngf5+ Kf8 31. Nxe7 Kxe7 32. Nc4 Nxb3 33. cxb3 b5
34. Nxd6 Ne8 35. Nf5+ Bxf5 36. Rxd8 Kxd8 37. exf5 Nc7 38. a5 Nd5 39. Bc5 Kc7
40. a6 b4 41. g3 Rh8 42. Kg2 f6 43. Rh1 Rxh1 44. Kxh1 Kb8 45. Kg2 Ka8 46. Kh3
Kb8 47. Kg4 1-0

[Event "Batik Memorial"]
[Site "?"]
[Date "2003.??.??"]
[Round "?"]
[White "Maliangkay, Rudolf J"]
[Black "Oliveira, Marcio Barbosa"]
[Result "1-0"]
[WhiteElo "2581"]
[BlackElo "2551"]
[PlyCount "145"]
[EventDate "2003.??.??"]
[EventType "corr"]
[SourceDate "2004.06.03"]

1. e4 c5 2. Nf3 Nc6 3. d4 cxd4 4. Nxd4 Nf6 5. Nc3 e5 6. Ndb5 d6 7. Bg5 a6 8.
Na3 b5 9. Bxf6 gxf6 10. Nd5 Bg7 11. Bd3 Ne7 12. Nxe7 Qxe7 13. O-O O-O 14. c4 f5
15. Qh5 bxc4 16. Nxc4 Rb8 17. b3 fxe4 18. Bxe4 f5 19. Bd5+ Kh8 20. Rfd1 Bd7 21.
Rac1 e4 22. f4 Be8 23. Qh3 Qa7+ 24. Qe3 Qe7 25. Rd2 Bh5 26. Bc6 Rfd8 27. Nb6
Qe6 28. Bd5 Qh6 29. a4 Be8 30. h3 Bf6 31. a5 Qg7 32. Kh2 Bb5 33. Bc4 Bxc4 34.
Rxc4 Rg8 35. g3 Bd8 36. Rc6 d5 37. Rxd5 Bh4 38. Rc3 Rbd8 39. Rxd8 Bxd8 40. Rc2
h5 41. Rg2 Qf7 42. Qd4+ Qg7 43. Qc5 Bh4 44. Qf2 Bd8 45. Nd5 Qf7 46. Qc5 Kh7 47.
Ne3 h4 48. gxh4 Bc7 49. Rxg8 Bxf4+ 50. Rg3 Bxg3+ 51. Kxg3 f4+ 52. Kg4 fxe3 53.
Qxe3 Qd7+ 54. Kf4 Qf7+ 55. Kxe4 Qe7+ 56. Kd3 Qd8+ 57. Kc2 Qxa5 58. Qd3+ Kg8 59.
Qg6+ Kf8 60. Qh6+ Kf7 61. Qf4+ Ke6 62. Kb2 Qe1 63. h5 Qe2+ 64. Ka3 Qe1 65. h6
Qa1+ 66. Kb4 Qe1+ 67. Kc5 Qa5+ 68. Kc4 Qd5+ 69. Kc3 Qh1 70. Qc4+ Kf6 71. h7
Qxh3+ 72. Qd3 Qc8+ 73. Kb2 1-0

[Event "Batik Memorial"]
[Site "?"]
[Date "2003.??.??"]
[Round "?"]
[White "Maliangkay, Rudolf J"]
[Black "Voyna, Alexander"]
[Result "1-0"]
[WhiteElo "2581"]
[BlackElo "2618"]
[PlyCount "93"]
[EventDate "2003.??.??"]
[EventType "corr"]
[SourceDate "2004.06.03"]

1. e4 c5 2. Nf3 e6 3. d4 cxd4 4. Nxd4 a6 5. Nc3 Qc7 6. Be2 Nf6 7. O-O Nc6 8.
Be3 Be7 9. f4 d6 10. Kh1 O-O 11. a4 Re8 12. Bf3 Bf8 13. Nb3 b6 14. a5 Nd7 15.
axb6 Nxb6 16. Qe2 Rb8 17. Rfd1 Nb4 18. Na5 Rd8 19. Qf2 Be7 20. h3 Bd7 21. Bd4
e5 22. Be3 exf4 23. Bxf4 Be6 24. Nd5 N6xd5 25. exd5 Bf5 26. c3 Nd3 27. Qe3 Nxb2
28. Nc6 Nxd1 29. Qxe7 Rd7 30. Qg5 Rb1 31. Rxb1 Nf2+ 32. Kg1 Nxh3+ 33. gxh3 Bxb1
34. Qg3 Qb6+ 35. Kh1 Bd3 36. Bxd6 Qb1+ 37. Kh2 Qc2+ 38. Bg2 Be4 39. Bc5 h6 40.
Qf2 Qxf2 41. Bxf2 Bxg2 42. Kxg2 a5 43. c4 a4 44. c5 a3 45. Nb4 Rb7 46. d6 Kh7
47. Be1 1-0

[Event "Batik Memorial"]
[Site "?"]
[Date "2003.??.??"]
[Round "?"]
[White "Marczell, Peter"]
[Black "Gilimshin, Azamat"]
[Result "1/2-1/2"]
[WhiteElo "2596"]
[BlackElo "2607"]
[PlyCount "47"]
[EventDate "2003.??.??"]
[EventType "corr"]
[SourceDate "2004.06.03"]

1. e4 c5 2. Nf3 Nc6 3. d4 cxd4 4. Nxd4 Nf6 5. Nc3 e5 6. Ndb5 d6 7. Bg5 a6 8.
Na3 b5 9. Bxf6 gxf6 10. Nd5 f5 11. Bd3 Be6 12. O-O Bxd5 13. exd5 Ne7 14. c3 Bg7
15. Qh5 e4 16. Bc2 Qc8 17. Rae1 O-O 18. Kh1 Rb8 19. f3 b4 20. fxe4 bxa3 21.
exf5 Ng6 22. b3 Qxc3 23. fxg6 fxg6 24. Qe2 1/2-1/2

[Event "Batik Memorial"]
[Site "?"]
[Date "2003.??.??"]
[Round "?"]
[White "Marczell, Peter"]
[Black "Hiltunen, Reijo"]
[Result "1/2-1/2"]
[WhiteElo "2596"]
[BlackElo "2519"]
[PlyCount "40"]
[EventDate "2003.??.??"]
[EventType "corr"]
[SourceDate "2004.06.03"]

1. e4 c5 2. Nf3 d6 3. d4 cxd4 4. Nxd4 Nf6 5. Nc3 a6 6. Bg5 e6 7. f4 Nc6 8. Nxc6
bxc6 9. e5 h6 10. Bh4 g5 11. fxg5 Nd5 12. Ne4 Qb6 13. Bd3 hxg5 14. Bxg5 Qxb2
15. Nf6+ Nxf6 16. Bxf6 Qc3+ 17. Kf1 Rh6 18. Rb1 dxe5 19. Bg5 Rh8 20. Bf6 Rh6
1/2-1/2

[Event "Batik Memorial"]
[Site "?"]
[Date "2003.??.??"]
[Round "?"]
[White "Marczell, Peter"]
[Black "Maliangkay, Rudolf J"]
[Result "1-0"]
[WhiteElo "2596"]
[BlackElo "2581"]
[PlyCount "91"]
[EventDate "2003.??.??"]
[EventType "corr"]
[SourceDate "2004.06.03"]

1. e4 c5 2. Nf3 Nc6 3. d4 cxd4 4. Nxd4 Nf6 5. Nc3 d6 6. Bg5 e6 7. Qd2 Be7 8.
O-O-O O-O 9. f4 Nxd4 10. Qxd4 a6 11. Be2 Qa5 12. e5 dxe5 13. fxe5 Nd5 14. Bxe7
Nxe7 15. Bd3 Nd5 16. Nxd5 exd5 17. Kb1 Be6 18. g4 Rac8 19. g5 Qc5 20. c3 Qxd4
21. cxd4 Bg4 22. Rc1 Rxc1+ 23. Rxc1 Rc8 24. Rxc8+ Bxc8 25. Kc2 Bd7 26. Kc3 a5
27. b4 b6 28. Be2 Kf8 29. Bf3 Bc6 30. b5 Bxb5 31. Bxd5 Ke7 32. Bc4 Ba4 33. h4
b5 34. Bd3 Ke6 35. a3 h6 36. Bb1 Bd1 37. Ba2+ Ke7 38. d5 Bh5 39. d6+ Kd7 40.
Bb1 Bg6 41. Bd3 Kc6 42. Kd4 hxg5 43. hxg5 b4 44. axb4 axb4 45. Bc4 f6 46. gxf6
1-0

[Event "Batik Memorial"]
[Site "?"]
[Date "2003.??.??"]
[Round "?"]
[White "Marczell, Peter"]
[Black "Mrkvicka, Josef"]
[Result "1-0"]
[WhiteElo "2596"]
[BlackElo "2513"]
[PlyCount "79"]
[EventDate "2003.??.??"]
[EventType "corr"]
[SourceDate "2004.06.03"]

1. e4 d6 2. d4 Nf6 3. Nc3 g6 4. Nf3 Bg7 5. Be3 O-O 6. Qd2 Bg4 7. Ng5 Nc6 8. d5
Nb8 9. f3 Bd7 10. h4 h5 11. g4 c6 12. gxh5 Nxh5 13. O-O-O Qa5 14. Bd4 Bh6 15.
f4 c5 16. Be3 Bg7 17. Rg1 b5 18. Kb1 c4 19. e5 dxe5 20. fxe5 Bf5 21. d6 Nc6 22.
dxe7 Nxe7 23. Nd5 Qd8 24. Bg2 Rc8 25. Qf2 Bxe5 26. Nf4 Qa5 27. Nxh5 b4 28. Be4
Rc6 29. Bd4 b3 30. Bxe5 Qxe5 31. Qd4 bxc2+ 32. Kxc2 Bxe4+ 33. Qxe4 Qc5 34. Qd4
Qxd4 35. Rxd4 gxh5 36. Ne6+ Ng6 37. Nxf8 Kxf8 38. Rg5 Kg7 39. Rxh5 Rc7 40. Kc3
1-0

[Event "Batik Memorial"]
[Site "?"]
[Date "2003.??.??"]
[Round "?"]
[White "Marczell, Peter"]
[Black "Nyvlt, Zdenek"]
[Result "1/2-1/2"]
[WhiteElo "2596"]
[BlackElo "2635"]
[PlyCount "54"]
[EventDate "2003.??.??"]
[EventType "corr"]
[SourceDate "2004.06.03"]

1. e4 d6 2. d4 Nf6 3. Nc3 g6 4. Nf3 Bg7 5. Be2 O-O 6. O-O e6 7. a4 a6 8. h3 Nc6
9. Bg5 h6 10. Bf4 Kh7 11. Qd2 Nd7 12. Rad1 b6 13. Rfe1 Bb7 14. Bc4 e5 15. dxe5
Ndxe5 16. Nxe5 Nxe5 17. Bd5 Bxd5 18. Qxd5 f5 19. Bxe5 Bxe5 20. exf5 Rxf5 21.
Qc6 Bxc3 22. Qxc3 Qd7 23. Re2 Qg7 24. Qc6 Raf8 25. c3 R8f7 26. Rd5 Qf6 27. Rxf5
Qxf5 1/2-1/2

[Event "Batik Memorial"]
[Site "?"]
[Date "2003.??.??"]
[Round "?"]
[White "Marczell, Peter"]
[Black "Oliveira, Marcio Barbosa"]
[Result "1/2-1/2"]
[WhiteElo "2596"]
[BlackElo "2551"]
[PlyCount "93"]
[EventDate "2003.??.??"]
[EventType "corr"]
[SourceDate "2004.06.03"]

1. e4 c5 2. Nf3 Nc6 3. d4 cxd4 4. Nxd4 Nf6 5. Nc3 e5 6. Ndb5 d6 7. Bg5 a6 8.
Na3 b5 9. Bxf6 gxf6 10. Nd5 Bg7 11. Bd3 Ne7 12. Nxe7 Qxe7 13. O-O O-O 14. c4 f5
15. Qf3 Re8 16. Rfe1 b4 17. Nc2 f4 18. Be2 Rb8 19. b3 Kh8 20. a3 bxa3 21. Rxa3
Rg8 22. Qd3 Qg5 23. Bf3 Bf8 24. b4 Rg6 25. Rb1 Rh6 26. Ne1 Be7 27. Raa1 Qh4 28.
h3 Bd8 29. Ra2 Bc7 30. Kf1 Rg6 31. Qc2 Kg8 32. Nd3 Qe7 33. b5 a5 34. Qc3 Be6
35. Ra4 Qe8 36. Nc1 Qd8 37. Nb3 Bb6 38. Rd1 Rc8 39. Rd2 Qd7 40. Qd3 Kh8 41. Ke2
Qe7 42. Kd1 Qh4 43. Qe2 Qd8 44. Qd3 Qc7 45. Rc2 Rg5 46. Ke1 Rgg8 47. Kf1
1/2-1/2